000 00409nam a2200145Ia 4500
008 230312s9999||||xx |||||||||||||| ||und||
020 _a9781491936160
082 _a005.713
_bNAR-K
100 _aNarkhede,Neha
245 0 _aKafka : the definitive guide : real-time data and stream processing at scale
260 _bO'Reilly
_aUSA
_c2017
300 _a297
650 _aComputer
_vElectronic Book
942 _cBK
999 _c17602
_d17602